| Tag |
First Indicator |
Second Indicator |
Subfields |
| LEADER |
00000cam a2200000 a 4500 |
| 001 |
in00000895521 |
| 005 |
20151019160133.0 |
| 008 |
881122s1989 pau b 00110 eng |
| 010 |
|
|
|a 88033828
|
| 020 |
|
|
|a 0812281551
|
| 035 |
|
|
|a (OCoLC)18874766
|
| 035 |
|
|
|9 AEK8393AM
|
| 040 |
|
|
|a DLC
|c DLC
|d TXA
|d UtOrBLW
|
| 049 |
|
|
|a TXAM
|c [A12992545]
|
| 050 |
0 |
0 |
|a PR1585
|b .I73 1989
|
| 082 |
0 |
0 |
|a 829/.3
|2 19
|
| 100 |
1 |
|
|a Irving, Edward Burroughs,
|d 1923-
|
| 245 |
1 |
0 |
|a Rereading Beowulf /
|c Edward B. Irving, Jr.
|
| 264 |
|
1 |
|a Philadelphia :
|b University of Pennsylvania Press,
|c [1989]
|
| 264 |
|
4 |
|c ©1989
|
| 300 |
|
|
|a x, 183 pages ;
|c 24 cm.
|
| 336 |
|
|
|a text
|b txt
|2 rdacontent
|
| 337 |
|
|
|a unmediated
|b n
|2 rdamedia
|
| 338 |
|
|
|a volume
|b nc
|2 rdacarrier
|
| 490 |
1 |
|
|a Middle Ages series
|
| 504 |
|
|
|a Bibliography: pages [169]-175.
|
| 500 |
|
|
|a Includes index.
|
| 630 |
0 |
0 |
|a Beowulf.
|
| 830 |
|
0 |
|a Middle Ages series.
|
| 999 |
|
|
|a MARS
|
| 999 |
f |
f |
|s 4e76811b-c953-3dd8-984e-47f2cb38a2b8
|i 8aca6fd2-5ef4-3064-ad2a-7309a56871bf
|t 0
|
| 952 |
f |
f |
|p normal
|a Texas A&M University
|b College Station
|c Sterling C. Evans Library
|d Evans: Library Stacks
|t 0
|e PR1585 .I73 1989
|h Library of Congress classification
|i unmediated -- volume
|m A14812992545
|
| 998 |
f |
f |
|a PR1585 .I73 1989
|t 0
|l Evans: Library Stacks
|